| 000 | 00405nam a2200169Ia 4500 | ||
|---|---|---|---|
| 008 | 230524s9999 xx 000 0 und d | ||
| 020 | _a9789380097657 | ||
| 082 | _bALI | ||
| 100 |
_aS.N.Ali _942076 |
||
| 245 | 0 | _aElectrical Engineering | |
| 250 | _a1 | ||
| 260 |
_aNew Delhi _bVayu Education _c2011 |
||
| 300 | _a"XIX,387p;" | ||
| 500 | _aQuantity Number: 1 | ||
| 650 | _aElectrical | ||
| 942 | _cBK | ||
| 999 |
_c56479 _d56479 |
||